[Event "Staufer op 08th"]
[Site "Schwaebisch Gmuend"]
[Date "1996.??.??"]
[Round "4"]
[White "Ciolac, Gheorghe"]
[Black "Held, Markus"]
[Result "1-0"]
[WhiteElo "2400"]
[BlackElo "2205"]
[PlyCount "59"]
[EventDate "1996.01.??"]
[EventType "swiss"]
[EventRounds "9"]
[EventCountry "GER"]
[SourceTitle "EXT 1998"]
[Source "ChessBase"]
[SourceDate "1997.11.17"]
[SourceVersion "1"]
[SourceVersionDate "1997.11.17"]
[SourceQuality "1"]

1. e4 e5 2. Nf3 Nc6 3. Bc4 Bc5 4. c3 Nf6 5. d3 d6 6. 0-0 0-0 7. b4 Bb6 8. a4 a6 9. Bb3 Qe7 10. Nbd2 Be6 11. Nc4 Ba7 12. h3 Rad8 13. b5 Bxc4 14. Bxc4 Na5 15. Ba2 d5 16. Qe2 h6 17. exd5 Nxd5 18. Bd2 c6 19. Qxe5 cxb5 20. axb5 Qxe5 21. Nxe5 axb5 22. c4 Bd4 23. cxd5 Bxa1 24. Rxa1 Ra8 25. Rb1 Rfc8 26. Rb2 b4 27. Bxb4 Rc1+ 28. Kh2 Ra1 29. Be7 Re1 30. f4 1-0